000
00312nam a2200121Ia 4500
008
191206s9999 xx 000 0 und d
090
_a
PR9390.9
245
0
_a
Coming of the dry season
260
_a
Oxford University Press
260
_b
New fiction from Africa series
260
_c
c1972
300
_a
60 p. 19 cm.
999
_c
15708
_d
15708